000 00475nam a2200205Ia 4500
003 0100
008 130303s9999 xx 000 0 und d
020 _a1850005990
040 _cARRUPELIB
050 _aLB885.H28P48 1989
100 _aHamm, Cornel M.
245 _aPhilosophical issues in education
245 _ban introduction
260 _aNew York
260 _bThe Falmer Press
260 _C1989
300 _a184p.
300 _b 24cm
942 _2lcc
_06
999 _c64121
_d64121